[Event "World Team Championship 2015"]
[Site "Tsaghkadzor ARM"]
[Date "2015.04.26"]
[Round "7.14"]
[White "Vidit, Santosh Gujarathi"]
[Black "Ortiz Suarez, Isan R"]
[Result "1-0"]
[WhiteElo "2630"]
[BlackElo "2612"]
[PlyCount "81"]
[EventDate "2015.04.18"]
[EventType "team-tourn"]
[EventRounds "9"]
[EventCountry "ARM"]
[Source "lmi"]
[SourceDate "2015.04.18"]

1. Nf3 c5 2. c4 Nc6 3. d4 cxd4 4. Nxd4 Nf6 5. Nc3 e6 6. g3 Bc5 7. Nb3 Be7 8.
Bg2 O-O 9. O-O d6 10. Bf4 a6 11. Rc1 h6 12. h3 Rb8 13. Kh2 Nh5 14. Bd2 Ne5 15.
e4 Nf6 16. Qe2 Qc7 17. Nd1 b6 18. f4 Nc6 19. Ne3 Bb7 20. Nd5 Qd8 21. Nxe7+ Qxe7
22. Bc3 e5 23. Rcd1 a5 24. Na1 Rfe8 25. Nc2 exf4 26. Rxf4 Ne5 27. Ne3 g6 28.
Rdf1 Nh5 29. Nf5 Qf8 30. Rh4 Bc8 31. Qd2 Bxf5 32. exf5 Qg7 33. fxg6 Qxg6 34. g4
Ng7 35. Rxh6 Qd3 36. Qf2 Qxc4 37. Bxe5 dxe5 38. Qh4 f5 39. Rh8+ Kf7 40. Rh7 Kg8
41. Qh6 1-0

[Event "World Team Championship 2015"]
[Site "Tsaghkadzor ARM"]
[Date "2015.04.26"]
[Round "7.23"]
[White "Bu, Xiangzhi"]
[Black "Eljanov, Pavel"]
[Result "1-0"]
[WhiteElo "2681"]
[BlackElo "2733"]
[PlyCount "87"]
[EventDate "2015.04.18"]
[EventType "team-tourn"]
[EventRounds "9"]
[EventCountry "ARM"]
[Source "lmi"]
[SourceDate "2015.04.18"]

1. Nf3 d5 2. d4 Nf6 3. c4 c6 4. Qc2 dxc4 5. Qxc4 Bf5 6. g3 e6 7. Bg2 Be7 8. O-O
O-O 9. e3 Nbd7 10. Qe2 Qc7 11. Nbd2 h6 12. Nc4 c5 13. Bd2 Be4 14. Bc3 Nd5 15.
Rfc1 Nxc3 16. Rxc3 Bf6 17. Ncd2 Bc6 18. Rac1 Rad8 19. R3c2 Qa5 20. Nb3 Qxa2 21.
Nfd2 Bxg2 22. Kxg2 Qa4 23. Nxc5 Nxc5 24. Rxc5 Rd7 25. b3 Qb4 26. Ne4 Be7 27.
Rc7 Rxc7 28. Rxc7 f5 29. Nd2 Bd6 30. Rc2 b5 31. Rc6 a5 32. Nf3 Rd8 33. Qa2 Ra8
34. Rb6 Kh7 35. Qc2 Rd8 36. Ra6 Kh8 37. Qa2 Bc7 38. Rxe6 Qc3 39. Qb1 a4 40.
bxa4 bxa4 41. Qxf5 a3 42. Nh4 Qa5 43. Ng6+ Kh7 44. Ne5+ 1-0

[Event "World Team Championship 2015"]
[Site "Tsaghkadzor ARM"]
[Date "2015.04.26"]
[Round "7.24"]
[White "Moiseenko, Alexander"]
[Black "Wei, Yi"]
[Result "1/2-1/2"]
[WhiteElo "2697"]
[BlackElo "2703"]
[PlyCount "54"]
[EventDate "2015.04.18"]
[EventType "team-tourn"]
[EventRounds "9"]
[EventCountry "ARM"]
[Source "lmi"]
[SourceDate "2015.04.18"]

1. d4 Nf6 2. c4 g6 3. Nc3 d5 4. Nf3 Bg7 5. Bg5 Ne4 6. Bf4 c5 7. cxd5 Nxc3 8.
bxc3 Qxd5 9. e3 O-O 10. Be2 cxd4 11. cxd4 Qa5+ 12. Qd2 Nc6 13. Qxa5 Nxa5 14.
O-O Be6 15. Rfc1 Rfc8 16. Nd2 Rxc1+ 17. Rxc1 Bxa2 18. Rc7 Kf8 19. Bf3 Rd8 20.
Ne4 Bd5 21. h4 Bc6 22. Nc5 Bxf3 23. gxf3 Ke8 24. Kf1 Rd5 25. Rc8+ Rd8 26. Rc7
Rd5 27. Rc8+ Rd8 1/2-1/2

[Event "World Team Championship 2015"]
[Site "Tsaghkadzor ARM"]
[Date "2015.04.26"]
[Round "7.31"]
[White "Shankland, Samuel"]
[Black "Gelfand, Boris"]
[Result "1/2-1/2"]
[WhiteElo "2661"]
[BlackElo "2747"]
[PlyCount "54"]
[EventDate "2015.04.18"]
[EventType "team-tourn"]
[EventRounds "9"]
[EventCountry "ARM"]
[Source "lmi"]
[SourceDate "2015.04.18"]

1. e4 c5 2. Nf3 d6 3. d4 cxd4 4. Nxd4 Nf6 5. Nc3 a6 6. h3 e5 7. Nde2 h5 8. g3
b5 9. Nd5 Nbd7 10. Nec3 Bb7 11. Bg2 Be7 12. a4 Nxd5 13. Nxd5 h4 14. axb5 axb5
15. Rxa8 Bxa8 16. O-O Bxd5 17. Qxd5 hxg3 18. fxg3 Qb6+ 19. Kh1 Nf6 20. Qb3 Qc6
21. Bg5 O-O 22. Ra1 Bd8 23. Bxf6 Bxf6 24. Ra5 Rb8 25. Ra7 Rf8 26. Ra5 Rb8 27.
Ra7 Rf8 1/2-1/2

[Event "World Team Championship 2015"]
[Site "Tsaghkadzor ARM"]
[Date "2015.04.26"]
[Round "7.32"]
[White "Sutovsky, Emil"]
[Black "Lenderman, Aleksandr"]
[Result "0-1"]
[WhiteElo "2628"]
[BlackElo "2617"]
[PlyCount "70"]
[EventDate "2015.04.18"]
[EventType "team-tourn"]
[EventRounds "9"]
[EventCountry "ARM"]
[Source "lmi"]
[SourceDate "2015.04.18"]

1. e4 e6 2. d4 d5 3. Nc3 Nf6 4. Bg5 dxe4 5. Nxe4 Be7 6. Bxf6 gxf6 7. Nf3 a6 8.
g3 b5 9. Bg2 Bb7 10. Qe2 Nd7 11. O-O-O Bd5 12. Rhe1 c6 13. Nc3 Qa5 14. Nxd5
cxd5 15. Bh3 Qxa2 16. Bxe6 O-O-O 17. Bxd7+ Rxd7 18. Nd2 Kb8 19. Nb3 Rc8 20. Rd3
Bb4 21. Qd1 Rdc7 22. Re2 a5 23. Nd2 Bxd2+ 24. Kxd2 Qxb2 25. Ke3 Rxc2 26. Red2
R8c3 27. Rxc3 Qxc3+ 28. Rd3 Qc8 29. g4 Rc1 30. Qf3 Re1+ 31. Kf4 Qc7+ 32. Kf5
Re5+ 33. Kxf6 Qd6+ 34. Kg7 Qg6+ 35. Kf8 Qh6+ 0-1

[Event "World Team Championship 2015"]
[Site "Tsaghkadzor ARM"]
[Date "2015.04.26"]
[Round "7.33"]
[White "Onischuk, Alexander"]
[Black "Smirin, Ilia"]
[Result "0-1"]
[WhiteElo "2665"]
[BlackElo "2652"]
[PlyCount "142"]
[EventDate "2015.04.18"]
[EventType "team-tourn"]
[EventRounds "9"]
[EventCountry "ARM"]
[Source "lmi"]
[SourceDate "2015.04.18"]

1. d4 Nf6 2. Nf3 g6 3. Bg5 Bg7 4. Nbd2 O-O 5. c3 d6 6. e4 c5 7. dxc5 dxc5 8.
Bc4 Nc6 9. O-O Qc7 10. h3 h6 11. Be3 b6 12. Qc2 e6 13. Rfe1 Bb7 14. Rad1 Rfd8
15. Bf1 Rac8 16. Nc4 Ne7 17. e5 Ne8 18. Qe2 Nd5 19. Bc1 b5 20. Ncd2 c4 21. Ne4
Bxe5 22. Nxe5 Qxe5 23. Bxh6 Nf4 24. Bxf4 Qxf4 25. Rxd8 Rxd8 26. a4 a6 27. Nc5
Rd2 28. Qe3 Qxe3 29. Rxe3 Nd6 30. axb5 axb5 31. Re2 Rd5 32. Ne4 Nxe4 33. Rxe4
Rd1 34. Re2 b4 35. f3 bxc3 36. bxc3 Rc1 37. Re3 Bd5 38. Kf2 g5 39. g3 Kg7 40.
Be2 Kf6 41. g4 Kg6 42. h4 gxh4 43. f4 Rh1 44. Bf1 Rh2+ 45. Kg1 Rc2 46. Be2 Rc1+
47. Kf2 Rh1 48. Bf1 f6 49. Rh3 Rxh3 50. Bxh3 e5 51. Ke3 Kf7 52. Bf1 Ke7 53. Bh3
Kd6 54. Bf1 Kc5 55. Bh3 Kb5 56. g5 fxg5 57. fxg5 Kc5 58. g6 Kd6 59. g7 Ke7 60.
Bg2 Be6 61. Ke4 Kf6 62. Bh3 Bg8 63. Bf5 Bf7 64. Bg4 Bg6+ 65. Kd5 Bh7 66. Bh3 e4
67. Kxc4 Ke5 68. Bf1 e3 69. Bd3 Bg8+ 70. Kc5 h3 71. Bc4 h2 0-1

[Event "World Team Championship 2015"]
[Site "Tsaghkadzor ARM"]
[Date "2015.04.26"]
[Round "7.34"]
[White "Postny, Evgeni"]
[Black "Naroditsky, Daniel"]
[Result "0-1"]
[WhiteElo "2636"]
[BlackElo "2640"]
[PlyCount "56"]
[EventDate "2015.04.18"]
[EventType "team-tourn"]
[EventRounds "9"]
[EventCountry "ARM"]
[Source "lmi"]
[SourceDate "2015.04.18"]

1. d4 Nf6 2. c4 e6 3. g3 d5 4. Bg2 Bb4+ 5. Bd2 Bd6 6. Nc3 c6 7. e4 dxe4 8. Nxe4
Nxe4 9. Bxe4 e5 10. dxe5 Bxe5 11. Qc2 Qb6 12. O-O-O Be6 13. Nf3 Bf6 14. Ng5
Bxg5 15. Bxg5 Na6 16. Be3 Qa5 17. a3 h6 18. f4 Bg4 19. Rd2 O-O 20. h3 Bc8 21.
c5 Re8 22. Bd4 Be6 23. f5 Bb3 24. Qxb3 Rxe4 25. Qxb7 Rae8 26. Bc3 Qa4 27. Rd6
Re2 28. Kb1 Rb8 0-1

[Event "World Team Championship 2015"]
[Site "Tsaghkadzor ARM"]
[Date "2015.04.26"]
[Round "7.41"]
[White "Grischuk, Alexander"]
[Black "Aronian, Levon"]
[Result "1/2-1/2"]
[WhiteElo "2794"]
[BlackElo "2770"]
[PlyCount "44"]
[EventDate "2015.04.18"]
[EventType "team-tourn"]
[EventRounds "9"]
[EventCountry "ARM"]
[Source "lmi"]
[SourceDate "2015.04.18"]

1. d4 Nf6 2. c4 e6 3. Nf3 d5 4. Nc3 Bb4 5. cxd5 exd5 6. Bg5 h6 7. Bh4 c5 8.
dxc5 Nbd7 9. Qb3 Qa5 10. a3 Bxc3+ 11. bxc3 Qxc5 12. e3 O-O 13. Nd4 a6 14. Rc1
Re8 15. Qb4 Ne4 16. c4 Qxb4+ 17. axb4 dxc4 18. Bxc4 Ne5 19. Be2 Bd7 20. f3 g5
21. Bg3 Nxg3 22. hxg3 Kg7 1/2-1/2

[Event "World Team Championship 2015"]
[Site "Tsaghkadzor ARM"]
[Date "2015.04.26"]
[Round "7.42"]
[White "Sargissian, Gabriel"]
[Black "Karjakin, Sergey"]
[Result "1-0"]
[WhiteElo "2674"]
[BlackElo "2757"]
[PlyCount "121"]
[EventDate "2015.04.18"]
[EventType "team-tourn"]
[EventRounds "9"]
[EventCountry "ARM"]
[Source "lmi"]
[SourceDate "2015.04.18"]

1. d4 Nf6 2. c4 e6 3. Nf3 d5 4. Nc3 c6 5. Bg5 h6 6. Bxf6 Qxf6 7. Qb3 Qe7 8. e4
dxe4 9. Nxe4 Qb4+ 10. Nc3 Qxb3 11. axb3 g5 12. h4 g4 13. Ne5 Bg7 14. f4 gxf3
15. gxf3 Bxe5 16. dxe5 Nd7 17. f4 Rg8 18. Bh3 f5 19. b4 b5 20. c5 a5 21. Kf2
Bb7 22. Rhc1 axb4 23. Rxa8+ Bxa8 24. Na2 b3 25. Nb4 Bb7 26. Nd3 Ke7 27. Ra1 Kd8
28. Bg2 Kc7 29. Bf3 Nb8 30. Bd1 Na6 31. Bxb3 Kd7 32. Bd1 Kc7 33. Bf3 Rd8 34.
Ke3 Rg8 35. Rd1 Bc8 36. Rc1 Rg3 37. Kf2 Rg7 38. Ra1 Rd7 39. Ke3 Rg7 40. Rc1 Rg3
41. Kf2 Rg7 42. Rb1 Rd7 43. Ke3 Rg7 44. b4 Bd7 45. Ne1 Kb7 46. Nc2 Nc7 47. Kf2
Be8 48. Rd1 Bd7 49. Rd3 Kc8 50. Rd6 Ne8 51. Nd4 Nxd6 52. exd6 Kd8 53. h5 Rg8
54. Nxc6+ Bxc6 55. Bxc6 Rg4 56. Ke3 Rg3+ 57. Kd4 Rb3 58. Ke5 Rxb4 59. Bb7 Rc4
60. c6 b4 61. Kxe6 1-0

[Event "World Team Championship 2015"]
[Site "Tsaghkadzor ARM"]
[Date "2015.04.26"]
[Round "7.43"]
[White "Tomashevsky, Evgeny"]
[Black "Movsesian, Sergei"]
[Result "1/2-1/2"]
[WhiteElo "2745"]
[BlackElo "2665"]
[PlyCount "224"]
[EventDate "2015.04.18"]
[EventType "team-tourn"]
[EventRounds "9"]
[EventCountry "ARM"]
[Source "lmi"]
[SourceDate "2015.04.18"]

1. d4 Nf6 2. c4 e6 3. Nf3 d5 4. Nc3 Bb4 5. cxd5 exd5 6. Bg5 h6 7. Bh4 c5 8.
dxc5 Nbd7 9. Qb3 Qa5 10. a3 Bxc3+ 11. Qxc3 Qxc3+ 12. bxc3 g5 13. Bg3 Nxc5 14.
Nd4 Nfe4 15. f3 Nxg3 16. hxg3 Bd7 17. g4 Rc8 18. Kd2 Kf8 19. e3 Ne6 20. a4 Nxd4
21. cxd4 Kg7 22. Bd3 Rc7 23. a5 Be6 24. Rab1 Rd8 25. Rb5 Rdd7 26. Rhb1 Kf6 27.
R1b3 Ke7 28. Rb2 Kf6 29. Rb1 Kg7 30. R5b4 Re7 31. R4b3 Red7 32. R1b2 Kf6 33.
Bb1 Kg7 34. Rb5 Kf6 35. Ba2 Kg7 36. Kd3 Kf6 37. Rc5 Ke7 38. Rb1 Kd6 39. Rcb5
Ke7 40. Rc5 Kd6 41. Rcb5 Ke7 42. Bb3 Rd6 43. Bd1 Rdd7 44. Rc5 Kd6 45. Ba4 Rd8
46. Rbc1 Rdc8 47. Rxc7 Rxc7 48. Rh1 Ke7 49. Bb5 a6 50. Ba4 Rc4 51. Bc2 Rb4 52.
Kc3 Rc4+ 53. Kd2 Rb4 54. Rxh6 Rb5 55. Rh5 Rxa5 56. Rxg5 Ra1 57. Rg8 Rg1 58. Rb8
Rxg2+ 59. Kc3 b5 60. Rb6 Rf2 61. Bd1 Ra2 62. f4 Ra1 63. Bb3 Bxg4 64. Bxd5 Ra3+
65. Kb4 Rxe3 66. Ba2 a5+ 67. Kxb5 Bd7+ 68. Kc5 Rf3 69. Rb7 Rxf4 70. Bc4 Kd8 71.
d5 Rf5 72. Ra7 a4 73. Bd3 Rh5 74. Be2 Rg5 75. Bd3 Rh5 76. Bc4 Rg5 77. Be2 Be6
78. Bf3 Bd7 79. Be4 Rh5 80. Bd3 Be6 81. Bc4 Bd7 82. Ba6 a3 83. Bb7 Rh3 84. d6
Bc8 85. Bc6 Rc3+ 86. Kb6 Rb3+ 87. Bb5 f5 88. Rh7 Rxb5+ 89. Kxb5 a2 90. Ra7 Bb7
91. Rxa2 f4 92. Ra7 Bg2 93. Rg7 Bh1 94. Rf7 f3 95. Kc6 f2+ 96. Kc5 Be4 97. Rxf2
Bg6 98. Kd5 Kd7 99. Rf4 Bc2 100. Rf7+ Kd8 101. Ra7 Bd1 102. d7 Ke7 103. Kc6 Bg4
104. Rb7 Bf5 105. Rc7 Bg4 106. Ra7 Bf5 107. Rb7 Bg4 108. Rc7 Bf5 109. Ra7 Bg4
110. Kd5 Bxd7 111. Ke5 Ke8 112. Kd6 Bf5 1/2-1/2

[Event "World Team Championship 2015"]
[Site "Tsaghkadzor ARM"]
[Date "2015.04.26"]
[Round "7.44"]
[White "Melkumyan, Hrant"]
[Black "Vitiugov, Nikita"]
[Result "1/2-1/2"]
[WhiteElo "2651"]
[BlackElo "2736"]
[PlyCount "111"]
[EventDate "2015.04.18"]
[EventType "team-tourn"]
[EventRounds "9"]
[EventCountry "ARM"]
[Source "lmi"]
[SourceDate "2015.04.18"]

1. d4 d5 2. c4 c6 3. Nf3 Nf6 4. Nc3 dxc4 5. a4 Bf5 6. Ne5 Nbd7 7. Nxc4 Qc7 8.
g3 e5 9. dxe5 Nxe5 10. Bf4 Nfd7 11. Bg2 f6 12. O-O g5 13. Nxe5 gxf4 14. Nxd7
Qxd7 15. Qc1 Bd6 16. Rd1 Qc7 17. Ne4 Bxe4 18. Bxe4 O-O-O 19. Rd3 a5 20. Qc4 Kb8
21. Rad1 fxg3 22. hxg3 h5 23. Bf3 Be5 24. Rxd8+ Rxd8 25. Rxd8+ Qxd8 26. b3 Kc7
27. Kg2 Qd6 28. e3 Kb6 29. Qc2 Qc5 30. Qd1 Qd6 31. Bxh5 Qd5+ 32. Bf3 Qxd1 33.
Bxd1 Kc5 34. Kf3 Bc3 35. Kg4 Be1 36. f4 Kb4 37. e4 Kc5 38. e5 fxe5 39. fxe5 Kd5
40. Kf4 Bc3 41. Bf3+ Ke6 42. Bg4+ Kd5 43. e6 Kd6 44. Bf5 Be1 45. Kg4 Ke7 46.
Kh3 Kf6 47. g4 Bb4 48. Kh4 Bd6 49. Kh5 Bf8 50. Kh4 Bd6 51. Kh3 Bf4 52. Kg2 Bg5
53. Kf3 Ke5 54. Ke2 Kd5 55. Kd3 b6 56. Kc2 1/2-1/2

[Event "World Team Championship 2015"]
[Site "Tsaghkadzor ARM"]
[Date "2015.04.26"]
[Round "7.51"]
[White "Leko, Peter"]
[Black "Amin, Bassem"]
[Result "1/2-1/2"]
[WhiteElo "2713"]
[BlackElo "2634"]
[PlyCount "147"]
[EventDate "2015.04.18"]
[EventType "team-tourn"]
[EventRounds "9"]
[EventCountry "ARM"]
[Source "lmi"]
[SourceDate "2015.04.18"]

1. e4 e5 2. Nf3 Nc6 3. Bb5 a6 4. Ba4 Nf6 5. O-O Be7 6. d3 d6 7. c3 O-O 8. Re1
Re8 9. Nbd2 Bf8 10. Nf1 h6 11. Ng3 b5 12. Bb3 Na5 13. Bc2 c5 14. d4 exd4 15.
cxd4 Bg4 16. d5 Nc4 17. h3 Bxf3 18. gxf3 g6 19. b3 Nb6 20. Kh2 Bg7 21. Rb1 Nfd7
22. Rg1 Kh8 23. f4 c4 24. Be3 Rc8 25. Rg2 b4 26. f3 a5 27. Qg1 cxb3 28. axb3
Rc3 29. Bd1 Rxe3 30. Qxe3 Nxd5 31. Qd2 Nc3 32. Rc1 d5 33. exd5 Nf6 34. Bc2
Nfxd5 35. Be4 Nb6 36. Qxd8 Rxd8 37. Ne2 a4 38. Nxc3 Bxc3 39. bxa4 Nxa4 40. Ra2
Nc5 41. Ra8 Rxa8 42. Bxa8 Nd3 43. Rd1 Nxf4 44. Rd7 Kg7 45. Be4 b3 46. Rb7 b2
47. Bb1 Nd5 48. Rb5 Nc7 49. Rb6 Bd4 50. Rb7 Be5+ 51. Kg2 g5 52. h4 f6 53. hxg5
hxg5 54. Ba2 Kf8 55. Kf1 Ke7 56. Rb6 Ne8 57. Ke2 Nd6 58. Kd3 Kd7 59. Bd5 Nc8
60. Rb5 Kd6 61. Kc4 Ke7 62. Rb7+ Kf8 63. Kc5 Ne7 64. Be4 f5 65. Bc2 g4 66. fxg4
fxg4 67. Rb4 g3 68. Rg4 Kf7 69. Kc4 Kf6 70. Kb3 Nf5 71. Bb1 Ne3 72. Rg6+ Kf7
73. Rxg3 Bxg3 74. Kxb2 1/2-1/2

[Event "World Team Championship 2015"]
[Site "Tsaghkadzor ARM"]
[Date "2015.04.26"]
[Round "7.52"]
[White "Elsherief, Mohamed"]
[Black "Almasi, Zoltan"]
[Result "0-1"]
[WhiteElo "2479"]
[BlackElo "2698"]
[PlyCount "120"]
[EventDate "2015.04.18"]
[EventType "team-tourn"]
[EventRounds "9"]
[EventCountry "ARM"]
[Source "lmi"]
[SourceDate "2015.04.18"]

1. d4 Nf6 2. c4 e6 3. Nf3 b6 4. g3 Ba6 5. Qc2 c5 6. d5 exd5 7. cxd5 g6 8. Bg2
Bg7 9. Ne5 O-O 10. Nc3 d6 11. Nc6 Qd7 12. Bf4 Bb7 13. Rd1 Nh5 14. Qa4 Rc8 15.
O-O Nxc6 16. dxc6 Bxc6 17. Bxc6 Qxc6 18. Qxc6 Rxc6 19. Bxd6 Rd8 20. Be7 Re8 21.
Rd7 Re6 22. Bg5 h6 23. Be3 R6e7 24. Rfd1 Bxc3 25. bxc3 Kg7 26. Kf1 Nf6 27. Rxe7
Rxe7 28. Bc1 Ng4 29. h3 Ne5 30. e4 g5 31. Rd5 Nf3 32. Ke2 Ng1+ 33. Kf1 Rxe4 34.
Bxg5 Nxh3 35. Be3 Kg6 36. Rd7 Ra4 37. f4 Rxa2 38. g4 Ra4 39. f5+ Kg7 40. Kg2
Ng5 41. Kg3 Ne4+ 42. Kf3 Nf6 43. Rd1 Nxg4 44. Bf4 h5 45. Rh1 f6 46. Rxh5 Ne5+
47. Kg3 Rc4 48. Bd2 a5 49. Rh1 a4 50. Rb1 a3 51. Rxb6 Ra4 52. Rb1 a2 53. Ra1
Nc4 54. Bc1 Na5 55. Bb2 Nb3 56. Rd1 a1=Q 57. Bxa1 Rxa1 58. Rd7+ Kh6 59. Rb7 Nd2
60. Kf4 Ra4+ 0-1

[Event "World Team Championship 2015"]
[Site "Tsaghkadzor ARM"]
[Date "2015.04.26"]
[Round "7.53"]
[White "Rapport, Richard"]
[Black "Adly, Ahmed"]
[Result "0-1"]
[WhiteElo "2710"]
[BlackElo "2595"]
[PlyCount "57"]
[EventDate "2015.04.18"]
[EventType "team-tourn"]
[EventRounds "9"]
[EventCountry "ARM"]
[Source "lmi"]
[SourceDate "2015.04.18"]

1. b3 a5 2. e4 a4 3. b4 e6 4. Bb2 d5 5. a3 dxe4 6. Nc3 Nf6 7. g4 c5 8. b5 h6 9.
Bg2 Ra5 10. Qe2 Bd7 11. Rb1 Qc7 12. Bxe4 Nxe4 13. Qxe4 Bxb5 14. Nxb5 Rxb5 15.
Qxa4 Qc6 16. Nf3 Bd6 17. Ke2 c4 18. Bxg7 Re5+ 19. Nxe5 Qxa4 20. Bxh8 c3 21. f3
Qf4 22. dxc3 Bc5 23. Rb5 Nd7 24. Nxd7 Qe3+ 25. Kd1 Qxf3+ 26. Kd2 Be3+ 27. Kd3
Bf4+ 28. Kc4 Qxh1 29. Kd4 0-1

[Event "World Team Championship 2015"]
[Site "Tsaghkadzor ARM"]
[Date "2015.04.26"]
[Round "7.54"]
[White "Farahat, Ali"]
[Black "Balogh, Csaba"]
[Result "0-1"]
[WhiteElo "2389"]
[BlackElo "2651"]
[PlyCount "56"]
[EventDate "2015.04.18"]
[EventType "team-tourn"]
[EventRounds "9"]
[EventCountry "ARM"]
[Source "lmi"]
[SourceDate "2015.04.18"]

1. e4 c5 2. Nf3 e6 3. d4 cxd4 4. Nxd4 a6 5. Nc3 b5 6. Bd3 Qb6 7. Nf3 Qc7 8. O-O
Bb7 9. Re1 Be7 10. a4 b4 11. Na2 Nf6 12. Bg5 Nc6 13. c3 bxc3 14. Nxc3 Ne5 15.
Rc1 Qb8 16. Nxe5 Qxe5 17. f4 Qd4+ 18. Kh1 h6 19. Bxf6 gxf6 20. Qe2 Bc5 21. Rcd1
Qf2 22. Qh5 Rc8 23. f5 Qxb2 24. fxe6 dxe6 25. Qf3 Bb4 26. Nb5 axb5 27. Bxb5+
Kf8 28. Re2 Qe5 0-1

[Event "World Team Championship 2015"]
[Site "Tsaghkadzor ARM"]
[Date "2015.04.27"]
[Round "8.12"]
[White "Tomashevsky, Evgeny"]
[Black "Shoker, Samy"]
[Result "1-0"]
[WhiteElo "2745"]
[BlackElo "2482"]
[PlyCount "85"]
[EventDate "2015.04.18"]
[EventType "team-tourn"]
[EventRounds "9"]
[EventCountry "ARM"]
[Source "lmi"]
[SourceDate "2015.04.18"]

1. Nf3 g6 2. d4 Bg7 3. c4 d6 4. Nc3 Nf6 5. e4 O-O 6. h3 e5 7. d5 Nh5 8. g3 Qe8
9. Be2 f5 10. exf5 gxf5 11. Nh4 Nf6 12. Qc2 Na6 13. Bd2 Nc5 14. Be3 f4 15. gxf4
exf4 16. Bxc5 f3 17. Nxf3 dxc5 18. O-O-O Nh5 19. Ng5 Bf5 20. Bd3 Qg6 21. Ne6
Qh6+ 22. Kb1 Bxe6 23. dxe6 Qxe6 24. Bxh7+ Kh8 25. Rhe1 Qh6 26. Bf5 c6 27. Bg4
Bd4 28. Re6 Rf6 29. Rde1 Raf8 30. Qf5 Nf4 31. Rxf6 Qxf6 32. Qxf6+ Bxf6 33. Kc2
Bh4 34. Re4 a6 35. f3 b5 36. Bd7 Ng2 37. Bxc6 bxc4 38. Bd5 Bf2 39. Bxc4 a5 40.
Kb1 Rxf3 41. Re8+ Kh7 42. Bg8+ Kh6 43. Bd5 1-0

[Event "World Team Championship 2015"]
[Site "Tsaghkadzor ARM"]
[Date "2015.04.27"]
[Round "8.13"]
[White "Elsherief, Mohamed"]
[Black "Jakovenko, Dmitry"]
[Result "0-1"]
[WhiteElo "2479"]
[BlackElo "2744"]
[PlyCount "46"]
[EventDate "2015.04.18"]
[EventType "team-tourn"]
[EventRounds "9"]
[EventCountry "ARM"]
[Source "lmi"]
[SourceDate "2015.04.18"]

1. d4 d5 2. c4 e6 3. Nf3 c6 4. g3 dxc4 5. Bg2 b5 6. Ne5 Bb7 7. O-O Nd7 8. a4
Qc8 9. b3 cxb3 10. Qxb3 b4 11. a5 c5 12. Bxb7 Qxb7 13. Nxd7 Qxd7 14. dxc5 Bxc5
15. Bb2 Nf6 16. Rd1 Qc6 17. Rc1 Rc8 18. Bd4 Qd6 19. Qd3 Ke7 20. Bxc5 Rxc5 21.
Rxc5 Qxc5 22. Ra4 Qc1+ 23. Kg2 Qc6+ 0-1

[Event "World Team Championship 2015"]
[Site "Tsaghkadzor ARM"]
[Date "2015.04.27"]
[Round "8.14"]
[White "Vitiugov, Nikita"]
[Black "Adly, Ahmed"]
[Result "1-0"]
[WhiteElo "2736"]
[BlackElo "2595"]
[PlyCount "82"]
[EventDate "2015.04.18"]
[EventType "team-tourn"]
[EventRounds "9"]
[EventCountry "ARM"]
[Source "lmi"]
[SourceDate "2015.04.18"]

1. d4 d5 2. c4 e6 3. Nc3 Nf6 4. cxd5 Nxd5 5. e4 Nxc3 6. bxc3 c5 7. Rb1 Be7 8.
Nf3 O-O 9. Bc4 cxd4 10. cxd4 Nc6 11. O-O b6 12. Bb2 Bb7 13. Qe2 Rc8 14. Rfd1
Na5 15. Bb5 Bf6 16. h3 Qc7 17. Ba3 Rfd8 18. Rbc1 Qf4 19. Rxc8 Rxc8 20. d5 Rd8
21. e5 Rxd5 22. exf6 gxf6 23. Bc1 Qe4 24. Rxd5 Bxd5 25. Qxe4 Bxe4 26. Bd2 Nb7
27. Bb4 Bd5 28. a3 Nc5 29. Bxc5 bxc5 30. Nd2 Kf8 31. f3 f5 32. Kf2 Ke7 33. Ke3
e5 34. g3 f6 35. Bc4 Bc6 36. Bg8 h6 37. f4 Bd7 38. Nc4 Be6 39. Bxe6 Kxe6 40.
Kd3 h5 41. h4 Kd5 1-0

[Event "World Team Championship 2015"]
[Site "Tsaghkadzor ARM"]
[Date "2015.04.27"]
[Round "8.22"]
[White "Yu, Yangyi"]
[Black "Bruzon Batista, Lazaro"]
[Result "1-0"]
[WhiteElo "2724"]
[BlackElo "2691"]
[PlyCount "141"]
[EventDate "2015.04.18"]
[EventType "team-tourn"]
[EventRounds "9"]
[EventCountry "ARM"]
[Source "lmi"]
[SourceDate "2015.04.18"]

1. e4 e5 2. Nf3 Nc6 3. d4 exd4 4. Nxd4 Nf6 5. Nxc6 bxc6 6. e5 Qe7 7. Qe2 Nd5 8.
c4 Nb6 9. Nd2 Qe6 10. b3 Bb4 11. Bb2 O-O 12. O-O-O Qe7 13. Ne4 Re8 14. Qc2 d5
15. cxd5 cxd5 16. Nc3 Bxc3 17. Bxc3 c5 18. Bd3 g6 19. f4 c4 20. bxc4 Bg4 21.
Rde1 Rac8 22. Kb2 Nxc4+ 23. Ka1 d4 24. Bxd4 Red8 25. Qf2 Qd7 26. Bxc4 Rxc4 27.
Bb2 Be6 28. f5 gxf5 29. Qf3 Ra4 30. a3 Qb5 31. Rd1 Rb8 32. Qc3 f4 33. Rd6 Rc4
34. Qd2 Rcc8 35. Qb4 Qe2 36. Re1 Qf2 37. Qd2 Rxb2 38. Kxb2 Rb8+ 39. Ka1 Qc5 40.
Rd3 Qc4 41. Rc1 Qa4 42. g3 Bf5 43. Rd8+ Kg7 44. Qd6 Rxd8 45. Qf6+ Kg8 46. Qxd8+
Kg7 47. Qf6+ Kg8 48. Qd6 f3 49. Qd8+ Kg7 50. Qg5+ Kh8 51. Qe3 f2 52. Rf1 Kg8
53. Rxf2 Qd1+ 54. Kb2 Qb1+ 55. Kc3 Qa1+ 56. Kb4 Qb1+ 57. Ka5 Bd3 58. a4 Qb7 59.
Qg5+ Kh8 60. Qd8+ Kg7 61. Qd6 Bc4 62. Qf6+ Kg8 63. Qd8+ Kg7 64. Rd2 h6 65. Rd7
Qb3 66. Qf6+ Kh7 67. Qf5+ Kg7 68. Qg4+ Kh7 69. Qd4 a6 70. e6 Bxe6 71. Qd3+ 1-0

[Event "World Team Championship 2015"]
[Site "Tsaghkadzor ARM"]
[Date "2015.04.27"]
[Round "8.23"]
[White "Quesada Perez, Yuniesky"]
[Black "Bu, Xiangzhi"]
[Result "1/2-1/2"]
[WhiteElo "2629"]
[BlackElo "2681"]
[PlyCount "84"]
[EventDate "2015.04.18"]
[EventType "team-tourn"]
[EventRounds "9"]
[EventCountry "ARM"]
[Source "lmi"]
[SourceDate "2015.04.18"]

1. e4 c5 2. Nf3 d6 3. d4 cxd4 4. Nxd4 Nf6 5. Nc3 a6 6. h3 e6 7. g4 b5 8. Bg2
Bb7 9. O-O Nc6 10. Nxc6 Bxc6 11. Re1 Nd7 12. a4 bxa4 13. Nxa4 Be7 14. Be3 O-O
15. Qd2 Qc7 16. Nc3 Rfc8 17. f4 a5 18. Bf2 Qb7 19. Ra2 Qb4 20. Nb1 Rab8 21.
Qxb4 Rxb4 22. c3 Rbb8 23. Nd2 a4 24. Rd1 Bb5 25. Bf1 Bc6 26. Nc4 Nf6 27. Nxd6
Bxd6 28. Rxd6 Nxe4 29. Rd4 Bd5 30. Raxa4 Nxf2 31. Kxf2 Rxb2+ 32. Be2 h6 33. c4
Bc6 34. Ra6 g5 35. fxg5 hxg5 36. Ra5 f6 37. Ra7 f5 38. Rd6 f4 39. Rxe6 f3 40.
Rg6+ Kh8 41. Rh6+ Kg8 42. Rg6+ Kh8 1/2-1/2

[Event "World Team Championship 2015"]
[Site "Tsaghkadzor ARM"]
[Date "2015.04.27"]
[Round "8.32"]
[White "Lenderman, Aleksandr"]
[Black "Ivanchuk, Vassily"]
[Result "1-0"]
[WhiteElo "2617"]
[BlackElo "2731"]
[PlyCount "83"]
[EventDate "2015.04.18"]
[EventType "team-tourn"]
[EventRounds "9"]
[EventCountry "ARM"]
[Source "lmi"]
[SourceDate "2015.04.18"]

1. d4 Nf6 2. c4 g6 3. Nc3 Bg7 4. e4 O-O 5. Nf3 d6 6. Be2 e5 7. O-O c6 8. Qc2
Nbd7 9. Rd1 Qc7 10. d5 cxd5 11. Nb5 Qb8 12. cxd5 Nc5 13. Nd2 a5 14. Nc4 Ncxe4
15. f3 Bd7 16. a4 Bxb5 17. axb5 Nc5 18. Nb6 Ra7 19. Be3 Rd8 20. Ra3 Bf8 21.
Rda1 Qc7 22. b4 Qxb6 23. bxa5 Rxa5 24. Rxa5 Nxd5 25. Bf2 Bh6 26. R5a3 Nf4 27.
Ra8 Kg7 28. Bc4 Rxa8 29. Rxa8 Qc7 30. Kf1 Qd7 31. Qd1 Nce6 32. g3 Nh3 33. Bb6
Neg5 34. Bc5 Nf4 35. Bxd6 Qh3+ 36. Ke1 Ng2+ 37. Ke2 Nf4+ 38. Ke1 Ng2+ 39. Ke2
Nf4+ 40. Kd2 Nfe6 41. Kc3 Qf5 42. h4 1-0